[Event "FRA-chT U20 0304"]
[Site "France"]
[Date "2004.01.02"]
[Round "4"]
[White "Steil Antoni, Fiona"]
[Black "Canterini, Baptiste"]
[Result "1-0"]
[WhiteElo "1579"]
[BlackElo "1980"]
[PlyCount "79"]
[EventDate "2003.11.??"]
[EventType "team"]
[EventRounds "11"]
[EventCountry "FRA"]
[SourceTitle "EXT 2005"]
[Source "ChessBase"]
[SourceDate "2004.11.15"]
[SourceVersion "1"]
[SourceVersionDate "2004.11.15"]
[SourceQuality "1"]
[WhiteTeam "Vandoeuvre"]
[BlackTeam "Montpellier"]
[WhiteTeamCountry "FRA"]
[BlackTeamCountry "FRA"]

1. e4 c5 2. Nc3 Nc6 3. f4 g6 4. Nf3 Bg7 5. Bb5 Nd4 6. d3 a6 7. Bc4 e6 8. 0-0 Ne7 9. e5 b5 10. Bb3 Nef5 11. Ne4 Bb7 12. Nxd4 cxd4 13. g4 Bxe4 14. dxe4 Ne3 15. Bxe3 dxe3 16. Qf3 Qb6 17. Kh1 Rd8 18. Rae1 d6 19. f5 Bxe5 20. fxg6 f6 21. g7 Rg8 22. g5 Rxg7 23. gxf6 Rg5 24. f7+ Kf8 25. Bxe6 Qc7 26. Re2 Qe7 27. Bd5 Bxb2 28. Qxe3 Be5 29. Rg1 h6 30. Reg2 Bf6 31. h4 Rxg2 32. Rxg2 Bg7 33. Qxh6 Qe5 34. Qh7 Qf6 35. Qg8+ Ke7 36. Qxg7 Qxh4+ 37. Rh2 Qe1+ 38. Qg1 Qc3 39. Qg5+ Kd7 40. Qxd8+ 1-0

[Event "FRA-chT3 Gr03 0304"]
[Site "Languedoc Roussillon"]
[Date "2003.12.07"]
[Round "?"]
[White "Dezaele, Christophe"]
[Black "Canterini, Baptiste"]
[Result "0-1"]
[WhiteElo "2136"]
[BlackElo "1980"]
[PlyCount "66"]
[EventDate "2003.12.07"]
[EventType "team"]
[EventRounds "9"]
[EventCountry "FRA"]
[SourceTitle "EXT 2008"]
[Source "ChessBase"]
[SourceDate "2007.11.25"]
[SourceVersion "1"]
[SourceVersionDate "2007.11.25"]
[SourceQuality "1"]

1. d4 d5 2. Nf3 Nf6 3. c4 c6 4. Nbd2 Bf5 5. g3 h6 6. Bg2 e6 7. 0-0 Be7 8. b3 0-0 9. Bb2 Nbd7 10. Rc1 Qb6 11. Ne1 c5 12. Ndf3 dxc4 13. Rxc4 Qa5 14. dxc5 Nxc5 15. Bxf6 gxf6 16. b4 Qxa2 17. Rxc5 Bxc5 18. bxc5 Qb2 19. Nd3 Bxd3 20. Qxd3 Rfd8 21. Qe3 Kg7 22. Qe4 f5 23. Qc4 a5 24. Qa4 Rdc8 25. Nd4 Rxc5 26. Qd7 Qb6 27. Bxb7 Ra7 28. Rd1 Rxb7 29. Nxe6+ Kh7 30. Nf8+ Kg8 31. Qd8 Qxd8 32. Rxd8 Kg7 33. Rd7 Rxd7 0-1

[Event "FRA-chT U20 0203"]
[Site "Clichy"]
[Date "2003.05.03"]
[Round "10.2"]
[White "Canterini, Baptiste"]
[Black "Marchadour, Emilie"]
[Result "0-1"]
[WhiteElo "1860"]
[BlackElo "1920"]
[PlyCount "56"]
[EventDate "2002.12.??"]
[EventType "team"]
[EventRounds "11"]
[EventCountry "FRA"]
[SourceTitle "EXT 2004"]
[Source "ChessBase"]
[SourceDate "2003.11.25"]
[SourceVersion "1"]
[SourceVersionDate "2003.11.25"]
[SourceQuality "1"]
[WhiteTeam "Montpellier"]
[BlackTeam "Sautron"]
[WhiteTeamCountry "FRA"]
[BlackTeamCountry "FRA"]

1. e4 c5 2. Nf3 e6 3. d4 cxd4 4. Nxd4 Nc6 5. Nxc6 bxc6 6. c4 Nf6 7. Bd3 Qc7 8. 0-0 d5 9. Nc3 Bb4 10. Qf3 Bxc3 11. bxc3 0-0 12. cxd5 cxd5 13. exd5 Nxd5 14. c4 Nb6 15. Bf4 e5 16. Be4 Rb8 17. Qh5 f5 18. Bg3 fxe4 19. Bxe5 Qc5 20. Qg5 Rb7 21. Qg3 Nxc4 22. Rac1 Qxe5 23. Rxc4 Qxg3 24. hxg3 Bf5 25. g4 Bg6 26. Ra4 Rff7 27. Rc1 Rfc7 28. Rd1 Kf7 0-1

[Event "FRA-chT U20 0203"]
[Site "Clichy"]
[Date "2003.05.02"]
[Round "8.2"]
[White "Canterini, Baptiste"]
[Black "Lepan, Marvin"]
[Result "0-1"]
[WhiteElo "1860"]
[BlackElo "2231"]
[PlyCount "111"]
[EventDate "2002.12.??"]
[EventType "team"]
[EventRounds "11"]
[EventCountry "FRA"]
[SourceTitle "EXT 2004"]
[Source "ChessBase"]
[SourceDate "2003.11.25"]
[SourceVersion "1"]
[SourceVersionDate "2003.11.25"]
[SourceQuality "1"]
[WhiteTeam "Montpellier"]
[BlackTeam "Creteil"]
[WhiteTeamCountry "FRA"]
[BlackTeamCountry "FRA"]

1. d4 d5 2. Nf3 c5 3. e3 Nc6 4. c4 cxd4 5. exd4 Nf6 6. Nc3 Bg4 7. Be3 g6 8. h3 Be6 9. Ng5 Bg7 10. Nxe6 fxe6 11. Be2 Qb6 12. Qb3 Qxb3 13. axb3 0-0-0 14. 0-0 h5 15. Rfd1 Ne8 16. cxd5 exd5 17. Bb5 Kb8 18. Bd3 g5 19. Bf5 Bf6 20. Na4 Ng7 21. g4 Nxf5 22. gxf5 g4 23. hxg4 Rhg8 24. Nc5 Rxg4+ 25. Kf1 h4 26. f3 Rgg8 27. Ne6 Rd7 28. Nc5 Rdd8 29. Ne6 Rde8 30. Bf4+ Kc8 31. Rac1 Rh8 32. Nc7 Rd8 33. Ne6 Rdg8 34. Rd2 Rh5 35. b4 a6 36. Rg2 Rxg2 37. Kxg2 Rxf5 38. Bh2 h3+ 39. Kxh3 Rxf3+ 40. Kg4 Re3 41. Kf5 Kd7 42. Nc5+ Ke8 43. Nxb7 Nxd4+ 44. Kg4 Kf7 45. Nc5 Nb3 46. Rc2 Nd4 47. Rc1 Ne2 48. Rc2 d4 49. Rd2 Nc1 50. Bf4 Re1 51. Nxa6 e5 52. Bg3 Re4+ 53. Kf3 Re3+ 54. Kg2 Nb3 55. Rf2 d3 56. Bh4 0-1